Obras completas / (Record no. 60474)

MARC details
000 -LEADER
campo de control de longitud fija 01014nam a2200217 i 4500
001 - NÚMERO DE CONTROL
campo de control 60474
003 - IDENTIFICADOR DE NÚMERO DE CONTROL
campo de control ES-MaACL
005 - FECHA Y HORA DE LA ÚLTIMA TRANSACCIÓN
campo de control 20230906164235.0
007 - CAMPO FIJO DE DESCRIPCIÓN FÍSICA--INFORMACIÓN GENERAL
campo de control de longitud fija t|
008 - DATOS DE LONGITUD FIJA--INFORMACIÓN GENERAL
campo de control de longitud fija 031105m19701972sp ||||1| spa d
100 1# - ENTRADA PRINCIPAL--NOMBRE DE PERSONA
Nombre de persona Espina, Concha,
Fechas asociadas al nombre 1869-1955
9 (RLIN) 47834
245 10 - MENCIÓN DEL TÍTULO
Título Obras completas /
Mención de responsabilidad, etc. de Concha Espina ; [prólogo por Víctor de la Serna].
250 ## - MENCION DE EDICION
Mención de edición 3ª ed.
260 ## - PUBLICACIÓN, DISTRIBUCIÓN, ETC.
Lugar de publicación, distribución, etc. Madrid :
Nombre del editor, distribuidor, etc. Fax,
Fecha de publicación, distribución, etc. 1970-72.
300 ## - DESCRIPCIÓN FÍSICA
Extensión 2 v. ;
Dimensiones 20 cm.
500 ## - NOTA GENERAL
Nota general Indice.
505 8# - NOTA DE CONTENIDO CON FORMATO
Nota de contenido con formato Contiene: V. I: La niña de Luzmela ; Despertar para morir ; Agua de nieve ; La esfinge maragata ; La rosa de los vientos ; El metal de los muertos ; Dulce nombre ; el Cáliz rojo ; Altar mayor ; La virgen prudente ; La flor de ayer ; Retaguardia ; Victoria, en América . -- V. II: El más fuerte ; Un valle en el mar ; Una novela de amor ; Novelas cortas ; Cuentos ; Crónicas ; Estudios y biografías ; Teatro ; Verso
700 1# - ENTRADA AGREGADA--NOMBRE PERSONAL
Nombre de persona Serna, Víctor de la.
9 (RLIN) 105577
852 ## - LOCALIZACIÓN
Ubicación ES-MaACL
Número de control de estantería L-10103-4
Sublocalización o colección R.112371
Holdings
Estatus retirado Estado de pérdida Estado de daño No para préstamo Biblioteca de origen Biblioteca actual Ubicación en estantería Fecha de adquisición Fuente de adquisición Total de préstamos Signatura topográfica completa Código de barras Visto por última vez Precio de reemplazo Tipo de ítem Koha
        Biblioteca del Ateneo de Madrid Biblioteca del Ateneo de Madrid Depósito 2 17/01/2008     L-10103-4 1063425 23/02/2023 23/02/2023 Libro impreso